Statistiques concernant Capitales avec le moins de lettres

Cliquez ici pour prendre le quiz!

Statistiques générales

  • Ce quiz a été pris 96 fois
    (73 depuis la dernière actualisation)
  • Le résultat moyen est 21 sur 37

Statistiques - réponses

LettresCapital% Correct
5Paris
91%
4Rome
85%
4Lima
76%
4Riga
76%
4Oslo
75%
5Tokyo
75%
4Kiev
72%
5Rabat
72%
5Alger
70%
5Quito
70%
5Tunis
70%
5Berne
69%
5Pékin
69%
5Minsk
64%
5Sofia
63%
4Lomé
61%
5Sucre/La Paz
61%
5Dacca
58%
5Vaduz
58%
5Séoul
57%
4Doha
54%
5Accra
51%
5Damas
49%
5Amman
48%
5Hanoï
48%
5Dakar
46%
4/5Aden/Sanaa
45%
4Apia
42%
4Malé
42%
4Suva
42%
5Bakou
40%
5Riyad
40%
4Dili
37%
5Le Cap
37%
5Praia
33%
5Yaren
27%
5Abuja
24%

Distribution des résultats

Percentile par nombre de réponses

% des personnes avec chaque résultat

Votre développement - résultats

Vous n’avez pas pris ce quiz depuis la dernière actualisation